you broke me first - Tate McRae - Statistics

General Stats
  • This quiz has been taken 126 times
  • The average score is 257 of 318
Answer Stats
Answer % Correct
me
100%
you
100%
You
100%
broke
99%
a
97%
first
97%
I
93%
your
91%
don't
89%
like
89%
to
89%
know
88%
it
87%
but
85%
But
85%
now
85%
Now
85%
when
85%
When
85%
And
84%
did
84%
that
84%
That
84%
car
83%
go
83%
we
83%
how
81%
say
81%
so
81%
the
81%
this
81%
too
81%
You're
81%
you're
81%
Could
80%
could
80%
for
80%
back
79%
get
79%
hurt
79%
reason
79%
tell
79%
way
79%
down
77%
fix
77%
had
77%
nerve
77%
bad
76%
of
76%
really
76%
all
75%
care
75%
ever
75%
hurts
75%
much
75%
out
75%
shit
75%
think
75%
asking
73%
every
73%
miss
73%
about
72%
Maybe
72%
maybe
72%
suddenly
72%
talking
72%
someone
71%
yourself
71%
else
69%
where'd
69%
it's
68%
just
68%
told
68%
were
67%
what
67%
What
67%
at
65%
needed
65%
'bout
64%
calling
64%
would
64%
Yeah
64%
couple
63%
ran
63%
been
61%
months
61%
drunk
60%
happen
60%
oh
60%
or
59%
see
59%
thinkin'
59%
in
57%
party
57%
should've
57%
have
56%
phone
56%
off
53%
on
53%
while
53%
heard
52%
my
52%
never
52%
let
51%
name
47%
there
45%
moved
44%
phone's
44%
Took
44%
than
43%
I'll
41%
was
41%
quicker
40%
denial
39%
stare
37%
could've
33%
Swear
32%
No matching quizzes found
Score Distribution
Percent of People with Each Score
Percentile by Number Answered
Your Score History
You have not taken this quiz